000 00726cam a2200241 4500
008 090401t1998 xxu||||| |||| 00| 0 eng d
020 _a1860812570
035 _a(Sirsi) u92065
041 _aeng
050 _a729.28028
100 _aAizlewood, M.E.
245 _aInterior lighting calculations : a guide to computer programs.
260 _aLondon
_bConstruction Research Communications Ltd
_c1998
300 _a8p. : ill. ; 30cm.
350 _a0
490 _aBRE Information Paper
_vIP 16/98
650 _aCOMPUTER PROGRAMS
650 _aINTERIOR LIGHTING
690 _aMANAGEMENT-BUSINESS MANAGEMENT-INFORMATION MANAGEMENT
710 _aBuilding Research Establishment
942 _n0
948 _c15/03/1999
999 _c97714
_d97714